Municipalities in the Edmonton Metropolitan Region - Statistics

General Stats
  • This quiz has been taken 13 times
  • The average score is 11 of 33
Answer Stats
Population (2021) Answer % Correct
1,010,899 Edmonton
100%
68,232 St. Albert
100%
34,094 Leduc
92%
20,888 Beaumont
83%
37,645 Spruce Grove
83%
17,993 Stony Plain
83%
6,545 Devon
67%
27,088 Fort Saskatchewan
67%
10,385 Morinville
58%
99,225 Strathcona County
50%
3,218 Gibbons
42%
32,205 Parkland County
42%
20,061 Sturgeon County
42%
2,115 Redwater
33%
2,183 Calmar
25%
14,416 Leduc County
25%
1,232 Legal
25%
1,461 Bon Accord
17%
1,329 Bruderheim
17%
1,825 Enoch Cree Nation
8%
967 Thorsby
8%
1,077 Alexander
0%
27 Betula Beach
0%
248 Golden Days
0%
30 Itaska Beach
0%
24 Kapasiwin
0%
29 Lakeview
0%
18 Point Alison
0%
229 Seba Beach
0%
711 Spring Lake
0%
42 Sundance Beach
0%
1,001 Wabamun
0%
676 Warburg
0%
No matching quizzes found
Score Distribution
Percent of People with Each Score
Percentile by Number Answered
Your Score History
You have not taken this quiz